000 01021nam a22002537a 4500
005 20170124103200.0
010 _aA-954476
020 _c50.00
035 _aA-954476
037 _bCen Lib/Ret
040 _aDPL
_bHN
082 _a181.492
_bमहाप्र
100 _aमहाप्रज्ञ
_991429
245 _aअहिंसा तत्व दर्शन /
_cमहाप्रज्ञ
246 _aAhinsa tatv darshan
_b by Mahapragy
260 _aराजस्थान
_bआदर्श साहित्य संघ प्रकाशन
_c1998
270 _aचुरू
_bराजस्थान
300 _a221पृष्ठ.
_c20सेमी(सजिल्द)
650 _aदर्शन शास्त्र
_991430
650 _aजैन दर्शन - हिंसा -अहिंसा
_991431
650 _aPhilosophy
_991432
650 _aJain philosophy - Violence -ahinsa
_991433
942 _2ddc
_cHN
_h181.492
_mमहाप्र
999 _c120587
_d120587